01111nab a22002417a 4500999001500000003000400015005001700019008004100036040000700077100003100084245008500115260007200200300001100272500003800283505018300321505008900504650002600593650003000619650003400649650003400683773013900717942001300856 c5718d5718OSt20251231165955.0190605e xxu||||| |||| 00| 0 spa d cPJ 96643a Palacio, Franco M. 10aDerecho a la libertad sindical con perspectiva de género /cFranco M. Palacio. aCiudad Autónoma de Buenos Aires :bThomson Reuters La Ley,c2023. ap. 175 aCita: TR LALEY AR/DOC/257/2023.  aSumario: I. Introducción.— II. Encuadre histórico.— III. Libertad sindical.— IV. Enfoque de la libertad sindical desde una perspectiva de género.— V. Conclusión.  t¿Te interesa el texto completo? Solicitalo al correo: koha@justierradelfuego.gov.ar 091316aDERECHO LABORAL 094583aDERECHOS SINDICALES 094044aPERSPECTIVA DE GÉNERO 091570aDERECHOS DEL TRABAJADOR0 0271193168dCiudad Autónoma de Buenos Aires : Thomson Reuters La Ley, 1999-2002.tRevista de derecho del trabajo. Nº 2 - Marzo 2023 2udccANA